000 00851nac a22003017a 4500
001 BR4800149
003 BR-BrBNA
005 20240105112848.0
008 230509b bl.|||m| |||| 00| 0 por d
040 _aBR-BrBNA
_bpor
_cBiblioteca Nacional de Agricultura
072 _aH00
090 _a4076 BR4800149
100 1 _aSantos, E.
110 1 _aServico de Informacao Agricola, Rio de Janeiro, GB (Brasil)
245 1 _aCombate aos ratos
260 3 _aRio de Janeiro, GB (Brasil):
_c1948.
300 _a42 p.
490 _aSIA (Brazil)
_vno. 689
_x
500 _a9 illus.; 15 ref.
650 _aDefesa vegetal
650 _aRato
650 _aControle quimico
650 _aControle fisico
650 _aControle mecanico
650 _aControle biologico
909 _a202312
_bLúcia Elande
_c55
_dLúcia Elande
942 _2AGRIS
_n0
_cMS
999 _c260655
_d260655